02279nam a2200325 4500001000400000003000400004005001700008008004100025020001500066040000800081041001300089082001500102100004100117240002100158245008800179260003200267300001100299520128300310650002901593650003401622650002301656650001701679650001901696655001601715655002001731700004301751942001501794952013101809999001301940158OSt20250528074013.0250129b |||||||e |||| 00| 1 eng d a8532513646 bpor hengapor a813bC592v1 aClark, Mary Higgins,d1927-20209301 aYou belong to me aVocê me pertence /cClark, Mary Higgins ; Tradução de Aulyde Soares Rodrigues aRio de JaneirobRoccoc2002 a284 p. aUm assassino meticuloso, calculista e sedutor mata mulheres solitárias e frustradas que viajam sozinhas. Os crimes horrorizam a imprensa e mobilizam a polícia. A dra. Susan Chandler, advogada, promotora e psicóloga, interfere casualmente nos planos do maníaco ao pôr em prática a idéia de pesquisar a respeito do tema mulheres desaparecidas no programa diário que marca sua estréia no rádio. O desenvolvimento do tema assume proporções inesperadas, com intensa participação dos ouvintes. É desta forma que os dados sobre o homicida começam a aparecer, e a dra. Chandler passa a fazer parte do círculo de morte de criminoso, cuja disposição é eliminar qualquer pessoa que represente uma ameaça aos seus propósitos. Você me pertence é a frase que compõe a inscrição de um anel ofertado às vítimas, segundo apurações feitas no ar por Susan. À medida que as informações vão sendo confrontadas, ela desenvolve uma forte suspeita|: o assassino pode ser um homem que se tornou uma figura importante na sua vida. Ela precisa ter certeza para não ser a próxima vítima. Mary Higgins Clark oferece aos leitores suspense gradual e intenso, uma autêntica perseguição detalhada numa atmosfera rensa de medo. 0aLiteratura Americana984 0aCrime e Investigação 913 0aSerial Killer9157 0aSuspense910 0aMistério942 0aRomance923 0aFicção 922 aAulyde Soares RodrigueseTradutor9302 2ddcn0cBK 00102ddc40708FICaBIBIBbBIBIBcLEd2010-10-15edoaçãol0o813 / C592vp2025-1341r2025-01-29 13:30:54w2025-01-29yBK c158d158